书目信息 |
| 题名: |
英语语法新思维
|
|
| 作者: | 张满胜 著 | |
| 分册: | 1 | |
| 出版信息: | 杭州 浙江教育出版社 2018.08 |
|
| 页数: | 237页 | |
| 开本: | 21cm | |
| 丛书名: | 新东方大愚英语学习丛书 | |
| 单 册: | ||
| 中图分类: | H314 | |
| 科图分类: | ||
| 主题词: | 英语--ying yu--语法--自学参考资料 | |
| 电子资源: | ||
| ISBN: | 978-7-5536-7366-0 | |
| 000 | 01034nam 2200265 450 | |
| 001 | 202019137345 | |
| 005 | 20191026133320.0 | |
| 010 | @a978-7-5536-7366-0@dCNY28.00 | |
| 100 | @a20191022d2018 em y0chiy50 ea | |
| 101 | 0 | @achi@aeng |
| 102 | @aCN@b330000 | |
| 105 | @ak z 000yy | |
| 106 | @ar | |
| 200 | 1 | @a英语语法新思维@Aying yu yu fa xin si wei@e基础版@h1@d= New perspective grammar@ebasic@h1@f张满胜著@zeng |
| 210 | @a杭州@c浙江教育出版社@d2018.08 | |
| 215 | @a237页@d21cm | |
| 225 | 2 | @a新东方大愚英语学习丛书@Axin dong fang da yu ying yu xue xi cong shu |
| 330 | @a本书为基础版第1册, 包含英文基本句型、动词分类、句子的变化、名词、形容词等板块, 介绍英文主要词类的正确使用, 让读者能够熟练构造简单句, 并且能够对各种主要词类运用自如。 | |
| 410 | 0 | @12001 @a新东方大愚英语学习丛书 |
| 510 | 1 | @aNew perspective grammar@ebasic@h1@zeng |
| 606 | 0 | @a英语@Aying yu@x语法@x自学参考资料 |
| 690 | @aH314@v5 | |
| 701 | 0 | @a张满胜@Azhang man sheng@4著 |
| 801 | 0 | @aCN@c20190905 |
| 905 | @a河南城建学院图书馆@dH314@eZ146:1 | |
| 英语语法新思维:基础版.1= New perspective grammar:basic.1/张满胜著.-杭州:浙江教育出版社,2018.08 |
| 237页;21cm.-(新东方大愚英语学习丛书) |
| ISBN 978-7-5536-7366-0:CNY28.00 |
| 本书为基础版第1册, 包含英文基本句型、动词分类、句子的变化、名词、形容词等板块, 介绍英文主要词类的正确使用, 让读者能够熟练构造简单句, 并且能够对各种主要词类运用自如。 |
| ● |
| 相关链接 |
|
|
|
正题名:英语语法新思维
索取号:H314/Z146:1
 
预约/预借
| 序号 | 登录号 | 条形码 | 馆藏地/架位号 | 状态 | 备注 |
| 1 | 1445878 | 214458781 | 语言库209/209语言库 35排5列2层/ [索取号:H314/Z146:1] | 在馆 | |
| 2 | 1445879 | 214458790 | 语言库209/209语言库 35排5列2层/ [索取号:H314/Z146:1] | 在馆 |